| 000 | 02620nam a22005657a 4500 | ||
|---|---|---|---|
| 003 | CHAP | ||
| 005 | 20220329140842.0 | ||
| 008 | 971013s1967 r 00010 d | ||
| 010 | _a58654 | ||
| 011 | _a59626 | ||
| 035 | _a63786 | ||
| 040 | _cCHAP | ||
| 082 |
_a338.14 _bS6 |
||
| 100 | 0 | 0 |
_aSoto Angli, José. _9108849 |
| 245 | _aMercadeo de productos agrícolas | ||
| 260 |
_aChapingo, Méx. : _bENA. Departamento de Zootecnia, _c1967 |
||
| 300 |
_a27 p. _b; anexos |
||
| 590 |
_aBATCH-UPD _b10 _c20130110 _lUCH01 _h1833 |
||
| 590 |
_aBATCH-UPD _b10 _c20130410 _lUCH01 _h1204 |
||
| 590 |
_aBATCH-UPD _b10 _c20130914 _lUCH01 _h1939 |
||
| 590 |
_aCONVERSION _b10 _c20130109 _lUCH01 _h1331 |
||
| 650 | 1 | 4 |
_aProductos agrícolas _xMercadeo. _991951 |
| 901 | _aBK | ||
| 942 | _cLIBRO | ||
| 949 |
_a338.14 S6 _bBC _cBPA _d-137534 _eBPA _fc.10 _h11316 _i63786 _si |
||
| 949 |
_a338.14 S6 _bBC _cBPA _d-154367 _eBPA _fc.11 _h13385 _i63786 _si |
||
| 949 |
_a338.14 S6 _bBC _cBPA _d-154368 _eBPA _fc.12 _h13386 _i63786 _si |
||
| 949 |
_a338.14 S6 _bBC _cBPA _d-154369 _eBPA _fc.13 _h13387 _i63786 _si |
||
| 949 |
_a338.14 S6 _bBC _cBPA _d-154373 _eBPA _fc.14 _h13388 _i63786 _si |
||
| 949 |
_a338.14 S6 _bBC _cBPA _d-154374 _eBPA _fc.15 _h13389 _i63786 _si |
||
| 949 |
_a338.14 S6 _bBC _cBPA _d-154375 _eBPA _fc.16 _h13390 _i63786 _si |
||
| 949 |
_a338.14 S6 _bBC _cBPA _d-154376 _eBPA _fc.18 _h13392 _i63786 _si |
||
| 949 |
_a338.14 S6 _bBC _cBPA _d-154377 _eBPA _fc.20 _h13394 _i63786 _si |
||
| 949 |
_a338.14 S6 _bBC _cBPA _d-154378 _eBPA _fc.21 _h13395 _i63786 _si |
||
| 949 |
_a338.14 S6 _bBC _cBPA _d-154379 _eBPA _fc.23 _h13397 _i63786 _si |
||
| 949 |
_a338.14 S6 _bBC _cBPA _d-154380 _eBPA _fc.22 _h13396 _i63786 _si |
||
| 949 |
_a338.14 S6 _bBC _cBPA _d-154381 _eBPA _fc.24 _h13398 _i63786 _si |
||
| 949 |
_a338.14 S6 _bBC _cBPA _d-154385 _eBPA _fc.25 _h13399 _i63786 _si |
||
| 949 |
_a338.14 S6 _bBC _cBPA _d-154389 _eBPA _fc.26 _h13400 _i63786 _si |
||
| 949 |
_a338.14 S6 _bBC _cBPA _d-154392 _eBPA _fc.27 _h13401 _i63786 _si |
||
| 949 |
_a338.14 S6 _bBC _cBPA _d-154393 _eBPA _fc.28 _h13402 _i63786 _si |
||
| 949 |
_a338.14 S6 _bBC _cLIBRO _d-137529 _eLIBRO _fc.4 _h11310 _i63786 _si |
||
| 949 |
_a338.14 S6 _bBC _cLIBRO _d-137532 _eLIBRO _fc.8 _h11314 _i63786 _si |
||
| 949 |
_a338.14 S6 _bBC _cLIBRO _d-154351 _eLIBRO _h11307 _i63786 _si |
||
| 949 |
_a338.14 S6 _bBC _cLIBRO _d33724000111894 _eLIBRO _fc.3 _h11309 _i63786 _si |
||
| 949 |
_a338.14 S6 _bBC _cLIBRO _d33724000111902 _eLIBRO _fc.9 _h11315 _i63786 _si |
||
| 949 |
_a338.14 S6 _bBC _cLIBRO _d33724000111910 _eLIBRO _fc.6 _h11312 _i63786 _si |
||
| 949 |
_a338.14 S6 _bBC _cLIBRO _d33724000111928 _eLIBRO _fc.7 _h11313 _i63786 _si |
||
| 949 |
_a338.14 S6 _bBC _cUACH _d-154394 _eUACH _fc.30 _h13404 _i63786 _si |
||
| 999 |
_c58654 _d58654 |
||